000 nam a22 7a 4500
999 _c9570
_d9570
008 180205b ||||| |||| 00| 0 eng d
100 _aGupta,S.P.
_95721
245 _aGeography-VI
260 _aNew Delhi
_bAPC
_c2014